<?xml version="1.0" encoding="UTF-8"?>
<record
    xmlns:xsi="http://www.w3.org/2001/XMLSchema-instance"
    xsi:schemaLocation="http://www.loc.gov/MARC21/slim http://www.loc.gov/standards/marcxml/schema/MARC21slim.xsd"
    xmlns="http://www.loc.gov/MARC21/slim">

  <leader>02253nab a2200241 ab4500</leader>
  <controlfield tag="005">20260526064111.0</controlfield>
  <controlfield tag="008">251016c2025    ve fr poo#   #00|   spa d</controlfield>
  <controlfield tag="003"></controlfield>
  <datafield tag="040" ind1=" " ind2=" ">
    <subfield code="a">MX-MxUPN</subfield>
    <subfield code="b">spa</subfield>
    <subfield code="c">MX-MxUPN</subfield>
    <subfield code="e">aacr2</subfield>
  </datafield>
  <datafield tag="100" ind1="1" ind2=" ">
    <subfield code="a">C&#xE1;rdenas Cumare, George Herney</subfield>
    <subfield code="9">59690</subfield>
  </datafield>
  <datafield tag="245" ind1="1" ind2="0">
    <subfield code="a">Educaci&#xF3;n de emergencia :</subfield>
    <subfield code="b">desaf&#xED;os y transformaciones en tiempos de crisis pospand&#xE9;micos</subfield>
    <subfield code="h">[recurso electr&#xF3;nico en l&#xED;nea]</subfield>
  </datafield>
  <datafield tag="506" ind1="0" ind2=" ">
    <subfield code="a">Acceso abierto</subfield>
  </datafield>
  <datafield tag="520" ind1="3" ind2=" ">
    <subfield code="a">La investigaci&#xF3;n analiz&#xF3; las transformaciones educativas surgidas durante la crisis del COVID-19 y sus implicaciones en el per&#xED;odo pospand&#xE9;mico, fundament&#xE1;ndose en las perspectivas te&#xF3;ricas de Dewey y Durkheim sobre la funci&#xF3;n social de la educaci&#xF3;n, en el marco de la Declaraci&#xF3;n Universal de los Derechos Humanos y el Objetivo de Desarrollo Sostenible 4 de la Agenda 2030. Mediante una metodolog&#xED;a de investigaci&#xF3;n documental descriptiva, se examinaron publicaciones acad&#xE9;micas, informes institucionales y documentos normativos relacionados con las pr&#xE1;cticas pedag&#xF3;gicas emergentes y el papel de las tecnolog&#xED;as educativas durante la pandemia. Los hallazgos indican que la transici&#xF3;n abrupta hacia modalidades hibridas de ense&#xF1;anza, que impact&#xF3; a cerca de 1.579 millones de estudiantes en 191 pa&#xED;ses, evidenci&#xF3; notables disparidades digitales y carencias en competencias tecnol&#xF3;gicas de los docentes. No obstante, tambi&#xE9;n impuls&#xF3; innovaciones pedag&#xF3;gicas y el desarrollo de modelos de ense&#xF1;anza mixtas. Se concluye que es necesario replantear los modelos educativos tradicionales hacia sistemas m&#xE1;s resilientes que integren efectivamente las herramientas digitales, fortalezcan las competencias docentes y garanticen el acceso equitativo a una educaci&#xF3;n de calidad, especialmente en contextos de emergencia.</subfield>
    <subfield code="c">REDINE</subfield>
  </datafield>
  <datafield tag="650" ind1=" " ind2="4">
    <subfield code="a">Educaci&#xF3;n</subfield>
    <subfield code="9">682</subfield>
  </datafield>
  <datafield tag="650" ind1=" " ind2="2">
    <subfield code="a">Programas de emergencia</subfield>
    <subfield code="9">13802</subfield>
  </datafield>
  <datafield tag="653" ind1=" " ind2=" ">
    <subfield code="a">Pospandemia</subfield>
  </datafield>
  <datafield tag="653" ind1=" " ind2=" ">
    <subfield code="a">Transformaci&#xF3;n</subfield>
  </datafield>
  <datafield tag="773" ind1=" " ind2=" ">
    <subfield code="g">Vol. 17, no. 2 (2025), p. 29-43</subfield>
    <subfield code="t">REDINE : red de investigaci&#xF3;n educativa</subfield>
    <subfield code="x">2244&#x2013;7997</subfield>
  </datafield>
  <datafield tag="856" ind1="4" ind2=" ">
    <subfield code="u">https://revistas.uclave.org/index.php/redine/article/view/5394</subfield>
  </datafield>
  <datafield tag="856" ind1="4" ind2=" ">
    <subfield code="u">https://revistas.uclave.org/index.php/redine/article/view/5394/3669</subfield>
  </datafield>
  <datafield tag="902" ind1=" " ind2=" ">
    <subfield code="a">Leonor Sotres/250526</subfield>
  </datafield>
  <datafield tag="942" ind1=" " ind2=" ">
    <subfield code="c">ART-E</subfield>
  </datafield>
  <datafield tag="952" ind1=" " ind2=" ">
    <subfield code="0">0</subfield>
    <subfield code="1">0</subfield>
    <subfield code="4">0</subfield>
    <subfield code="7">0</subfield>
    <subfield code="8">CAA</subfield>
    <subfield code="a">BCUPN50</subfield>
    <subfield code="b">BCUPN50</subfield>
    <subfield code="c">ENL</subfield>
    <subfield code="d">2026-05-25</subfield>
    <subfield code="l">0</subfield>
    <subfield code="r">2026-05-25 13:37:04</subfield>
    <subfield code="u">https://revistas.uclave.org/index.php/redine/article/view/5394/3669</subfield>
    <subfield code="w">2026-05-25</subfield>
    <subfield code="y">ART-E</subfield>
  </datafield>
  <datafield tag="999" ind1=" " ind2=" ">
    <subfield code="c">215200</subfield>
    <subfield code="d">215200</subfield>
  </datafield>
</record>
